书目信息 |
| 题名: |
人类生殖的“危”与“机”
|
|
| 作者: | 刘习明 编著 | |
| 分册: | ||
| 出版信息: | 长沙 湖南教育出版社 2020 |
|
| 页数: | 10,316页 | |
| 开本: | 21cm | |
| 丛书名: | ||
| 单 册: | ||
| 中图分类: | R339.2 | |
| 科图分类: | ||
| 主题词: | 生殖医学 | |
| 电子资源: | ||
| ISBN: | 978-7-5539-7651-8 | |
| 000 | 00857nam0 2200229 450 | |
| 001 | 2347966954 | |
| 005 | 20231030131947.76 | |
| 010 | @a978-7-5539-7651-8@b精装@dCNY68.00 | |
| 100 | @a20201114d2020 em y0chiy50 ea | |
| 101 | 0 | @achi |
| 102 | @aCN@b430000 | |
| 105 | @aa z 000yy | |
| 200 | 1 | @a人类生殖的“危”与“机”@Aren lei sheng zhi de “ wei ” yu “ ji ”@dThe perils and opportunities of human reproduction@f刘习明编著@zeng |
| 210 | @a长沙@c湖南教育出版社@d2020 | |
| 215 | @a10,316页@c图@d21cm | |
| 330 | @a本书分为九章,主要内容包括:危机的警钟已经敲响、认识自己的生殖系统、新生命的奇妙之旅、人类生殖的障碍、不孕不育治疗等。 | |
| 510 | 1 | @aPerils and opportunities of human reproduction@zeng |
| 606 | 0 | @a生殖医学 |
| 690 | @aR339.2@v5 | |
| 701 | 0 | @a刘习明@Aliu xi ming@4编著 |
| 801 | 0 | @aCN@b91MARC@c20210130 |
| 905 | @aZUCC@dR339.2@e38 | |
| 人类生殖的“危”与“机”=The perils and opportunities of human reproduction/刘习明编著.-长沙:湖南教育出版社,2020 |
| 10,316页:图;21cm |
| ISBN 978-7-5539-7651-8(精装):CNY68.00 |
| 本书分为九章,主要内容包括:危机的警钟已经敲响、认识自己的生殖系统、新生命的奇妙之旅、人类生殖的障碍、不孕不育治疗等。 |
| ● |
| 相关链接 |
|
|
|
正题名:人类生殖的"危"与"机"
索取号:R339.2/38
 
预约/预借
| 序号 | 登录号 | 条形码 | 馆藏地/架位号 | 状态 | 备注 |
| 1 | 2001024643 | 2001024643 | 辽宁北方(第一批)/辽宁北方(第一批)/辽批203/ [索取号:R339.2/38] | 在馆 | |
| 2 | 2001024644 | 2001024644 | 辽宁北方(第一批)/辽宁北方(第一批)/辽批203/ [索取号:R339.2/38] | 在馆 | |
| 3 | 2001024645 | 2001024645 | 辽宁北方(第一批)/辽宁北方(第一批)/辽批203/ [索取号:R339.2/38] | 在馆 | |
| 4 | 2001024646 | 2001024646 | 辽宁北方(第一批)/辽宁北方(第一批)/辽批203/ [索取号:R339.2/38] | 在馆 | |
| 5 | 2001024647 | 2001024647 | 辽宁北方(第一批)/辽宁北方(第一批)/辽批203/ [索取号:R339.2/38] | 在馆 | |
| 6 | 2001024648 | 2001024648 | 辽宁北方(第一批)/辽宁北方(第一批)/辽批203/ [索取号:R339.2/38] | 在馆 |